| 000 | 00701nam a22002057a 4500 | ||
|---|---|---|---|
| 003 | OSt | ||
| 005 | 20230420020706.0 | ||
| 008 | 230420b |||||||| |||| 00| 0 sp d | ||
| 040 |
_acunsuroc _besp _ccunsuroc ana |
||
| 082 |
_21a _a011 I29 |
||
| 100 |
_aIllescas de Estévez, Irma Elena. Comp _93966 |
||
| 245 |
_aBibliografía de Bolívar en 250 libros. _bcompilado _cIrma Elena Illescas de Estévez _hFísico |
||
| 250 | _a1a. | ||
| 260 |
_aGuatemala: _bUniversitaria, _c1983. |
||
| 300 | _a69 p. ; 21 cm | ||
| 365 |
_b1 _d1.50 _jgt |
||
| 650 | _2Bolívar, simón, 1783-1830- Bibliografía | ||
| 700 |
_aMendoza de León, Arely. Comp. _93967 |
||
| 942 |
_2ddc _cBK _e1a. _h011 I29 _n0 |
||
| 999 |
_c1347 _d1347 |
||